[Event "South America-ch U20 Girls"]
[Site "Paramaribo"]
[Date "2016.11.21"]
[Round "1"]
[White "Sigchos Bosques, Breana Gisell"]
[Black "Kaslan, Catherine"]
[Result "0-1"]
[WhiteElo "1755"]
[BlackElo "1679"]
[PlyCount "52"]
[EventDate "2016.11.21"]
[EventType "tourn"]
[EventRounds "9"]
[EventCountry "SUR"]
[SourceTitle "EXT 2022"]
[Source "ChessBase"]
[SourceDate "2021.10.06"]
[SourceVersion "1"]
[SourceVersionDate "2021.10.06"]
[SourceQuality "1"]

1. e4 c5 2. Nf3 d6 3. d4 cxd4 4. Nxd4 Nf6 5. f3 a6 6. c4 e6 7. Nc3 Be7 8. Be3 Qc7 9. Be2 Nc6 10. 0-0 0-0 11. Qd2 Bd7 12. Nc2 Ne5 13. b3 Rac8 14. a4 Be8 15. Rfd1 Nc6 16. b4 Ne5 17. Na3 d5 18. c5 dxe4 19. fxe4 Bc6 20. Qc2 Neg4 21. Bxg4 Nxg4 22. Qe2 Qxh2+ 23. Kf1 f5 24. e5 Bxg2+ 25. Qxg2 Nxe3+ 26. Kf2 Nxg2 0-1

[Event "South America-ch U18 Girls 12th"]
[Site "Santa Cruz"]
[Date "2015.12.06"]
[Round "8"]
[White "Sigchos Bosques, Breana Gisell"]
[Black "Felix Vega, Aurora Edith"]
[Result "0-1"]
[WhiteElo "1668"]
[BlackElo "1996"]
[PlyCount "60"]
[EventDate "2015.12.02"]
[EventType "swiss"]
[EventRounds "9"]
[EventCountry "BOL"]
[SourceTitle "CBM 170 Extra"]
[Source "ChessBase"]
[SourceDate "2016.02.25"]
[SourceVersion "1"]
[SourceVersionDate "2016.02.25"]
[SourceQuality "1"]

1. e4 c5 2. Nf3 e6 3. d4 cxd4 4. Nxd4 a6 5. Bd3 Nf6 6. 0-0 Qc7 7. Qe2 Nc6 8. Nxc6 dxc6 9. e5 Nd7 10. f4 Nc5 11. Nc3 Nxd3 12. Qxd3 Be7 13. Qg3 0-0 14. Kh1 c5 15. Ne4 f6 16. Be3 b6 17. Nf2 Bb7 18. c4 Kh8 19. Bd2 b5 20. b3 b4 21. a4 Rad8 22. Be3 fxe5 23. fxe5 Rf5 24. Ng4 Rd3 25. Rfd1 h5 26. Nf2 h4 27. Qh3 Rxf2 28. Rg1 Re2 29. Qf3 Rdxe3 30. Qf7 Qxe5 0-1

[Event "South America-ch U18 Girls 12th"]
[Site "Santa Cruz"]
[Date "2015.12.06"]
[Round "7"]
[White "Sigchos Bosques, Breana Gisell"]
[Black "Molina, Jessica"]
[Result "0-1"]
[WhiteElo "1668"]
[BlackElo "1815"]
[PlyCount "128"]
[EventDate "2015.12.02"]
[EventType "swiss"]
[EventRounds "9"]
[EventCountry "BOL"]
[SourceTitle "CBM 170 Extra"]
[Source "ChessBase"]
[SourceDate "2016.02.25"]
[SourceVersion "1"]
[SourceVersionDate "2016.02.25"]
[SourceQuality "1"]

1. e4 c5 2. Nf3 d6 3. d4 cxd4 4. Nxd4 Nf6 5. Nc3 a6 6. Bc4 g6 7. Bb3 Bg7 8. f3 Nc6 9. Be3 Bd7 10. Qd2 Rc8 11. 0-0-0 Na5 12. Kb1 b5 13. g4 Nxb3 14. Nxb3 b4 15. Nd5 Nxd5 16. exd5 a5 17. Bd4 0-0 18. Bxg7 Kxg7 19. h4 h6 20. h5 g5 21. f4 f6 22. Qd3 Qe8 23. Qd4 Kg8 24. Rhg1 Ba4 25. Rd2 Bxb3 26. axb3 Qf7 27. Re2 Rc5 28. Re6 Rfc8 29. fxg5 hxg5 30. Rg2 Qh7 31. Qe4 Qxe4 32. Rxe4 Rxd5 33. Rxe7 Rd1+ 34. Ka2 Rc5 35. Re8+ Kf7 36. Rge2 Re5 37. R8xe5 dxe5 38. c3 Rf1 39. Re3 Rf4 40. Rg3 e4 41. c4 f5 42. gxf5 Rxf5 43. Kb1 Kg7 44. Kc1 Kh6 45. Re3 Re5 46. Rh3 g4 47. Rh4 Rg5 48. Kd2 g3 49. Rh1 g2 50. Rg1 Kxh5 51. Ke3 Kh4 52. Kxe4 Kh3 53. Kd4 Kh2 54. Rc1 g1Q+ 55. Rxg1 Kxg1 56. c5 Kf2 57. c6 Ke2 58. c7 Rg8 59. Kc5 Kd3 60. Kb5 Kc2 61. Kxa5 Kxb3 62. Kb5 Rc8 63. Kb6 Kxb2 64. Kb7 Rxc7+ 0-1

[Event "South America-ch U18 Girls 12th"]
[Site "Santa Cruz"]
[Date "2015.12.05"]
[Round "6"]
[White "Garcia Contreras, Ana"]
[Black "Sigchos Bosques, Breana Gisell"]
[Result "0-1"]
[WhiteElo "1964"]
[BlackElo "1668"]
[PlyCount "24"]
[EventDate "2015.12.02"]
[EventType "swiss"]
[EventRounds "9"]
[EventCountry "BOL"]
[SourceTitle "CBM 170 Extra"]
[Source "ChessBase"]
[SourceDate "2016.02.25"]
[SourceVersion "1"]
[SourceVersionDate "2016.02.25"]
[SourceQuality "1"]

1. e4 e5 2. Nf3 Nc6 3. d4 exd4 4. Nxd4 Qf6 5. Be3 Bc5 6. c3 Nge7 7. Bc4 Ne5 8. Be2 Qg6 9. 0-0 0-0 10. Nf5 Nxf5 11. exf5 Qc6 12. Bd4 Qd6 0-1

[Event "Pan American-ch U18 Girls"]
[Site "Cali"]
[Date "2015.07.02"]
[Round "8"]
[White "Besso, Guadalupe"]
[Black "Sigchos Bosques, Breana Gisell"]
[Result "1-0"]
[WhiteElo "1947"]
[BlackElo "1510"]
[PlyCount "37"]
[EventDate "2015.06.28"]
[EventType "swiss"]
[EventRounds "9"]
[EventCountry "COL"]
[SourceTitle "EXT 2016"]
[Source "ChessBase"]
[SourceDate "2015.10.08"]
[SourceVersion "1"]
[SourceVersionDate "2015.10.08"]
[SourceQuality "1"]

1. d4 Nf6 2. c4 g6 3. Nc3 d5 4. cxd5 Nxd5 5. e4 Nxc3 6. bxc3 Bg7 7. Bc4 e5 8. Ne2 0-0 9. Be3 Qe7 10. Rc1 b6 11. h4 Bb7 12. f3 Nc6 13. h5 Na5 14. Bd3 exd4 15. cxd4 Qd6 16. hxg6 fxg6 17. e5 Qe6 18. Qd2 Qd7 19. Bh6 1-0

[Event "South America-ch U18 Girls 11th"]
[Site "Montevideo"]
[Date "2014.09.14"]
[Round "9"]
[White "Altamiranda, Maria Elisa"]
[Black "Sigchos Bosques, Breana Gisell"]
[Result "0-1"]
[WhiteElo "1594"]
[BlackElo "1430"]
[PlyCount "46"]
[EventDate "2014.09.08"]
[EventType "swiss"]
[EventRounds "9"]
[EventCountry "URU"]
[SourceTitle "EXT 2016"]
[Source "ChessBase"]
[SourceDate "2015.10.08"]
[SourceVersion "1"]
[SourceVersionDate "2015.10.08"]
[SourceQuality "1"]

1. e4 e5 2. Nf3 Nc6 3. Bc4 Be7 4. d3 Nf6 5. c3 d6 6. 0-0 Bg4 7. h3 Bh5 8. Nbd2 0-0 9. Re1 Re8 10. Nf1 h6 11. Ng3 Bg6 12. Nh2 d5 13. exd5 Nxd5 14. Ng4 Bf8 15. Bb5 Qd6 16. Ne4 Qd8 17. Qb3 Kh8 18. Ng3 Qd6 19. Ne2 Na5 20. Qd1 c6 21. Ba4 b5 22. Bc2 Qc7 23. Ng3 Bd6 0-1

[Event "Pan American-ch U18 Girls"]
[Site "Oaxtepec"]
[Date "2014.07.16"]
[Round "9"]
[White "Basto, Suely"]
[Black "Sigchos Bosques, Breana Gisell"]
[Result "1-0"]
[WhiteElo "1740"]
[BlackElo "1356"]
[PlyCount "57"]
[EventDate "2014.07.11"]
[EventType "swiss"]
[EventRounds "9"]
[EventCountry "MEX"]
[SourceTitle "EXT 2022"]
[Source "ChessBase"]
[SourceDate "2021.10.06"]
[SourceVersion "1"]
[SourceVersionDate "2021.10.06"]
[SourceQuality "1"]

1. e4 e5 2. Nf3 Nc6 3. Bb5 a6 4. Ba4 Nf6 5. 0-0 b5 6. Bb3 Bc5 7. d3 d6 8. c3 0-0 9. h3 Bb7 10. Re1 Ne7 11. Nbd2 Ng6 12. Nf1 Ba7 13. Ng3 c6 14. d4 Qc7 15. Bg5 Nd7 16. Qd2 Rfe8 17. Nf5 Ndf8 18. Bh6 gxh6 19. Qxh6 Ne6 20. Ng5 f6 21. Nxe6 Rxe6 22. Bxe6+ Kh8 23. Re3 Bc8 24. Bxc8 Rxc8 25. h4 exd4 26. cxd4 Re8 27. h5 Rg8 28. hxg6 Rxg6 29. Qf8+ 1-0